Zuloaga : (Record no. 10806)
[ view plain ]
| 000 -CABECERA | |
|---|---|
| campo de control de longitud fija | 01259nam a22003017a 4500 |
| 001 - NÚMERO DE CONTROL | |
| campo de control | BRCA_9187 |
| 003 - IDENTIFICADOR DEL NÚMERO DE CONTROL | |
| campo de control | FranzMayer |
| 005 - FECHA Y HORA DE LA ÚLTIMA TRANSACCIÓN | |
| campo de control | 20220809132444.0 |
| 008 - DATOS DE LONGITUD FIJA--INFORMACIÓN GENERAL | |
| campo de control de longitud fija | 220705b |||||||| |||| 00| 0 spa d |
| 020 ## - NÚMERO INTERNACIONAL ESTÁNDAR DEL LIBRO | |
| Número Internacional Estándar del Libro | 9788496763906 |
| 040 ## - FUENTE DE LA CATALOGACIÓN | |
| Lengua de catalogación | spa |
| Centro/agencia transcriptor | MFM |
| 041 ## - CÓDIGO DE LENGUA | |
| Código de lengua del texto/banda sonora o título independiente | spa |
| 050 ## - SIGNATURA TOPOGRÁFICA DE LA BIBLIOTECA DEL CONGRESO | |
| Número de clasificación | N5077.B5 |
| Número de documento/Ítem | Z95 2019 |
| 245 ## - MENCIÓN DE TÍTULO | |
| Título | Zuloaga : |
| Resto del título | 1870-1945 |
| 260 ## - PUBLICACIÓN, DISTRIBUCIÓN, ETC. | |
| Lugar de publicación, distribución, etc. | Bilbao, España |
| Nombre del editor, distribuidor, etc. | Bilboko Arte Ederren Museoa-Museo de Bellas Artes de Bilbao |
| Fecha de publicación, distribución, etc. | 2019 |
| 300 ## - DESCRIPCIÓN FÍSICA | |
| Extensión | 322 p. : |
| Otras características físicas | il. y fot. ; |
| Dimensiones | 23.5 x 30.5 |
| 500 ## - NOTA GENERAL | |
| Nota general | Ubicación: L59-N5 |
| 500 ## - NOTA GENERAL | |
| Nota general | Incluye imágenes de la Colección Franz Mayer (p. 179 y 217) |
| 504 ## - NOTA DE BIBLIOGRAFÍA, ETC. | |
| Nota de bibliografía, etc. | Sumario: p.13 |
| 505 2# - NOTA DE CONTENIDO CON FORMATO | |
| Título | Zuloaga antes de Zuloaga (1870-1898) / |
| Mención de responsabilidad | Mikel Lertxundi Galiana |
| 505 2# - NOTA DE CONTENIDO CON FORMATO | |
| Título | Zuloaga (1898-1924) / |
| Mención de responsabilidad | Mikel Lertxundi Galiana y Javier Novo González |
| 505 2# - NOTA DE CONTENIDO CON FORMATO | |
| Título | Zuloaga después de Zuloaga (1925-1945) |
| Mención de responsabilidad | Javier Novo González |
| 520 ## - SUMARIO, ETC. | |
| Sumario, etc. | Catálogo de la exposición "Zuloaga: 1870-1945" realizada en el Museo de Bellas Artes de Bilbao (29 de mayo - 20 de octubre de 2019) |
| 600 ## - PUNTO DE ACCESO ADICIONAL DE MATERIA--NOMBRE DE PERSONA | |
| Nombre de persona | Zuloaga, Ignacio, |
| Fechas asociadas al nombre | 1870-1945 |
| Subdivisión de forma | Exposiciones |
| 9 (RLIN) | 28417 |
| 600 ## - PUNTO DE ACCESO ADICIONAL DE MATERIA--NOMBRE DE PERSONA | |
| Nombre de persona | Zuloaga, Ignacio, |
| Fechas asociadas al nombre | 1870-1945 |
| Subdivisión de forma | Catálogo |
| 9 (RLIN) | 28418 |
| 942 ## - ELEMENTOS DE PUNTO DE ACCESO ADICIONAL (KOHA) | |
| Fuente del sistema de clasificación o colocación | Library of Congress Classification |
| Tipo de ítem Koha | Libros |
| Estado de retiro | Estado de pérdida | Fuente del sistema de clasificación o colocación | Estado dañado | No para préstamo | Localización permanente | Ubicación/localización actual | Fecha de adquisición | Signatura topográfica completa | Código de barras | Fecha visto por última vez | Precio válido a partir de | Tipo de ítem Koha |
|---|---|---|---|---|---|---|---|---|---|---|---|---|
| El ejemplar forma parte de la colección y puede ser consultado según las políticas vigentes. | Library of Congress Classification | Biblioteca del Museo Franz Mayer (Rogerio Casas-Alatriste) | Biblioteca del Museo Franz Mayer (Rogerio Casas-Alatriste) | 05/07/2022 | N5077.B5 Z95 2019 | CONT9960 | 05/07/2022 | 05/07/2022 | Libros |